Rudolf Steiner
Guardat en:
| Autor principal: | |
|---|---|
| Format: | Llibre |
| Idioma: | anglès |
| Publicat: |
Bloomsbury
2008
|
| Etiquetes: |
Afegir etiqueta
Sense etiquetes, Sigues el primer a etiquetar aquest registre!
|
MARC
| LEADER | 00000nam a22000007a 4500 | ||
|---|---|---|---|
| 008 | 230821b |||||||| |||| 00| 0 eng d | ||
| 020 | |a 9781472518897 | ||
| 100 | |a ULLRICH, Heiner | ||
| 245 | |a Rudolf Steiner |c /Heiner Ullrich |g xvi, 261p |e Bloomsbury library of educational thought | ||
| 260 | |b Bloomsbury |c 2008 |h London |i 700116 |i 700117 |l LB775.S72Ul4 |m Steiner, Rudolf, 1861-1925 |m Educators- Biography |m Anthroposophists -Biography |m Education- Philosophy | ||
| 500 | |a it includes index | ||
| 942 | |a lcc |c BK |e Johnson |f 21/08/23 | ||
| 952 | |0 0 |1 0 |2 lcc |4 0 |6 LB0775 S72 U L4 |7 0 |9 4400 |a ED |b HOL |c LP |d 2023-08-21 |l 0 |o LB775.S72Ul4 |p 2023-0324 |r 2023-08-21 00:00:00 |t 700116 |w 2023-08-21 |y BK | ||
| 952 | |0 0 |1 0 |2 lcc |4 0 |6 LB0775 S72 U L4 |7 0 |9 4401 |a ED |b HOL |c LP |d 2023-08-21 |l 0 |o LB775.S72Ul4 |p 2023-0325 |r 2023-08-21 00:00:00 |t 700117 |w 2023-08-21 |y BK | ||
| 999 | |c 2208 |d 2208 | ||